[Event "40th IND-chT Open 2020"]
[Site "Ahmedabad"]
[Date "2020.02.13"]
[Round "9.19"]
[White "Ramnathan, Balasubramaniam"]
[Black "Sanchit, Anand"]
[Result "0-1"]
[WhiteElo "2200"]
[BlackElo "1891"]
[Annotator "TA"]
[PlyCount "153"]
[EventDate "2020.02.05"]
[EventCountry "IND"]
[SourceTitle "playchess.com"]
[Source "ChessBase"]
[SourceQuality "1"]

{[%evp 21,153,-14,0,0,16,9,53,44,56,16,84,84,83,90,87,85,84,84,122,112,121,122,120,85,171,56,37,23,33,11,24,22,92,-32,-20,-20,-18,-56,-48,-117,-102,-230,-194,-385,-383,-367,-60,-76,-84,-149,-63,-74,-81,-99,-99,-165,-152,-145,-144,-281,-173,-173,-173,-173,-173,-174,-173,-294,-297,-352,-236,-234,-179,-511,-501,-503,-506,-464,-361,-368,-319,-816,-816,-816,-816,-801,-777,-1297,-1205,-1092,-840,-1264,-1214,-1325,-729,-949,0,-1205,-524,-758,-483,-685,-646,-2327,-8893,-29969,-29972,-29972,-29972,-29973,-4602,-29974,-29975,-29975,-29976,-29976,-29977,-29978,-29979,-12355,-4631,-29979,-29980,-29979,-29978,-29979,-29979,-29980,-29981,-29981,-29982,-29982,-29983,-29991]} 1. Nf3 d5 2. b3 Bf5 3. Bb2 e6 4. g3 Nf6 5. Bg2 h6 6. O-O Nbd7 7. d3 Be7 8. Nbd2 O-O 9. Qe1 Bh7 10. e4 a5 {[%cal Ba7a5,Ba5a4][%mdl 32]} 11. a3 c6 12. Qe2 {A07: Réti Opening: New York and Capablanca Systems.} a4 13. b4 {[#]} Ne8 $146 ({Predecessor:} 13... c5 14. Rab1 cxb4 15. axb4 a3 16. Ba1 Ra4 17. c3 Nb8 18. Nd4 Nc6 19. Nxc6 bxc6 {0-1 (78) Schlehoefer,R (2326)-Heinzel,O (2340) Germany 2010}) 14. Rfe1 {White is slightly better.} Bf6 15. d4 Be7 (15... b5 $11 {keeps the balance.}) 16. c4 $16 dxc4 17. Nxc4 Nd6 18. Nfd2 Re8 19. Rac1 Qb8 20. Nxd6 Bxd6 21. Nc4 Bc7 22. Qd2 e5 (22... Nf6 $16) 23. dxe5 (23. d5 $18) 23... Nxe5 $14 24. Qc3 {aiming for f4.} f6 25. Rcd1 Kh8 26. Ne3 Qa7 (26... Bb6 $11) 27. h3 (27. Kh1 $1 $16) 27... Bb6 28. Kh2 Rad8 29. f4 Bxe3 $1 30. Rxd8 (30. fxe5 $15 Rxd1 31. Rxd1 fxe5 32. Qd3) 30... Rxd8 $17 31. Rxe3 {[#]} (31. Qxe3 $17 Qxe3 32. Rxe3) 31... Nc4 $1 $19 {[%cal Rc4e3][%mdl 512]} 32. Re1 $2 (32. Re2 {was the only defense.} Rd1 33. h4 Qg1+ 34. Kh3) (32. Qxc4 Qxe3) 32... Qf2 {Hoping for ...Rd2.} 33. Bc1 {[#]} b5 $2 (33... Bxe4 $1 $19 {[%mdl 512]} 34. Rxe4 Nd2 35. Bxd2 Rxd2 36. Qxd2 Qxd2) 34. Rf1 Qa2 $40 {[%mdl 128] Strongly threatening ...Bxe4. Black wants a kill.} 35. Qf3 {[#]} (35. Re1 $142) 35... Qc2 (35... Nd2 $1 $17 {[%mdl 512]} 36. Bxd2 Rxd2) 36. e5 fxe5 37. f5 {f6 is the strong threat.} Bg8 {White must now prevent ...Nd2!} 38. f6 {[#]} (38. Qe4 $17 {is a better defense.} Qxe4 39. Bxe4) 38... Bd5 $1 {[%cal Rd5f3]} 39. fxg7+ Kh7 40. g8=Q+ (40. Qf2 $17 Qxf2 41. Rxf2 Kxg7 42. Bf1) 40... Rxg8 41. Qf2 Qxf2 42. Rxf2 Bxg2 43. Kxg2 {[%mdl 4096] Endgame KRB-KRN} Kg7 44. g4 {[#]} (44. Kf1 {was called for.}) 44... Rd8 $1 45. h4 Rd1 46. Rf1 Rd3 47. h5 $2 (47. Re1 {nothing else works.}) 47... Nxa3 48. g5 hxg5 49. Bxg5 {and the idea Rf6 leaves White hopeful.} Rd6 50. Kf3 Nc4 51. Ke4 $2 (51. Rg1 Rd3+ 52. Kg4) 51... Nd2+ 52. Bxd2 Rxd2 53. Kxe5 {KR-KR} Rd5+ 54. Ke6 Rd4 55. Rb1 Kh6 56. Ke5 Rc4 57. Kf5 Rh4 58. Rc1 Rc4 59. Rb1 Kxh5 (59... c5 $142 60. bxc5 b4) 60. Rh1+ Rh4 61. Rc1 (61. Rb1 $142) 61... Rxb4 62. Rxc6 Kh4 63. Ra6 Kg3 64. Ke5 Kf3 65. Kd5 Rb3 (65... Ke2 $142 66. Ra7 Rb3 67. Rh7 a3 68. Rh2+ Kd1 69. Rh8 Kc2 70. Rh2+ Kb1 71. Rh1+ Kb2 72. Rh2+ Ka1 73. Rd2 a2 74. Rh2 Rb2 75. Rh6 Rb1 76. Ra6 Kb2 77. Rb6 Rd1+ 78. Ke5 a1=Q 79. Ke6 Qa4 80. Kf5 Rd5+ 81. Ke6 Qe4+ 82. Kf7 Qh7+ 83. Kf6 Rf5+ 84. Ke6 Qf7+ 85. Kd6 Rd5+ 86. Kc6 Qd7#) 66. Rh6 Ke3 67. Rh3+ Kd2 68. Rh2+ Kc1 69. Rh1+ Kb2 70. Rh2+ Ka3 71. Kd4 Rg3 {Black mates.} 72. Rh1 Rg4+ 73. Kd3 Rg2 74. Rb1 b4 75. Ra1+ Kb3 76. Rb1+ Rb2 77. Kd4 {Accuracy: White = 43%, Black = 66%.} 0-1

[Event "40th IND-chT Open 2020"]
[Site "Ahmedabad"]
[Date "2020.02.13"]
[Round "9.20"]
[White "Aansh Gupta"]
[Black "Senthil Kumaran, R.P."]
[Result "1-0"]
[WhiteElo "1900"]
[BlackElo "1957"]
[Annotator "TA"]
[PlyCount "44"]
[EventDate "2020.02.05"]
[EventCountry "IND"]
[SourceTitle "playchess.com"]
[Source "ChessBase"]
[SourceQuality "1"]

{[%evp 15,44,-11,25,-4,-6,-59,-1,11,55,54,99,97,68,83,165,93,85,91,110,97,119,144,158,163,166,135,140,-548,1415,1437,29998]} 1. e4 c5 2. Nf3 e6 3. d3 Nc6 4. g3 d5 5. Nbd2 Nf6 6. Bg2 Bd6 7. O-O O-O 8. Re1 Bc7 9. Qe2 {A08: King's Indian Attack.} b6 10. Nf1 {[#]} (10. d4 $11) 10... dxe4 $146 ({Black should play} 10... h6 $15) ({Predecessor:} 10... Ba6 11. e5 Nd7 12. Bf4 Re8 13. c4 Nf8 14. g4 f6 15. Bg3 Nxe5 16. Nxe5 Bxe5 17. Bxe5 fxe5 18. Qxe5 {1-0 (38) Kostin,A (2263)-Tatarintsev,E (2125) Voronezh 2017}) 11. dxe4 $11 {The position is equal.} e5 12. c3 Bg4 13. Bg5 h6 14. Rad1 Bd6 {[#]} (14... Qe7 $16 {was called for.}) 15. Bxf6 (15. Bh4 $1 $18) 15... Qxf6 $16 16. Ne3 Bxf3 17. Bxf3 Ne7 18. Rd2 Rfd8 19. Red1 Kf8 20. Bg4 Bc7 21. Rd4 $2 {[%mdl 8192] [#]} (21. Rxd8+ $16 {stays on course.} Rxd8 22. Rxd8+ Bxd8 23. Qa6) 21... Rd7 $4 {[%mdl 8192]} ({Not} 21... Rxd4 22. cxd4 exd4 23. Nc4 $17) (21... exd4 $19 22. cxd4 Rxd4) 22. Rxd7 $18 Rd8 {Accuracy: White = 54%, Black = 45%.} 1-0

[Event "40th IND-chT Open 2020"]
[Site "Ahmedabad"]
[Date "2020.02.13"]
[Round "9.21"]
[White "Sriram, Jha"]
[Black "Prasenjit Dutta"]
[Result "1-0"]
[WhiteElo "2383"]
[BlackElo "2285"]
[Annotator "TA"]
[PlyCount "47"]
[EventDate "2020.02.05"]
[EventCountry "IND"]
[SourceTitle "playchess.com"]
[Source "ChessBase"]
[SourceQuality "1"]

{[%evp 11,47,203,302,317,406,395,356,333,331,314,444,426,422,386,407,406,507,491,543,356,356,266,636,576,1239,1037,1085,1004,991,966,910,726,703,660,631,626,766,744]} 1. d4 d6 2. Nf3 Nd7 3. e4 e5 4. Bc4 c6 5. O-O h6 6. dxe5 dxe5 {[#]} (6... Nc5 {was called for.} 7. exd6 Qxd6 8. Qxd6 Bxd6) 7. Bxf7+ $1 $18 {[%mdl 512] C41: Philidor Defence.} Ke7 (7... Kxf7 8. Nxe5+) 8. Bb3 {[#]} Qe8 $146 ({Predecessor:} 8... Ngf6 9. a4 Qe8 10. Nbd2 Kd8 11. Nc4 Kc7 12. g3 g5 13. a5 Rb8 14. Be3 c5 {1-0 (41) Nechaev,V-Leongardt,A Syktyvkar 2012}) 9. Be3 {White is winning.} Kd8 10. Nbd2 g5 (10... Ngf6 $142 11. Nc4 Ng4) 11. Nc4 Kc7 12. Ncxe5 Nxe5 13. Nxe5 Be6 14. f4 Rh7 15. Bxe6 Qxe6 16. Qg4 Qe8 $2 (16... Qxg4 17. Nxg4 gxf4) 17. Rad1 {White is clearly winning.} Bd6 18. Qf5 Re7 19. Nc4 Bb4 20. fxg5 {[#] White wants to mate with Bf4+.} b5 21. Bf4+ Kb7 22. Nd6+ Bxd6 23. Bxd6 Rxe4 24. gxh6 {Accuracy: White = 81%, Black = 36%.} 1-0

[Event "40th IND-chT Open 2020"]
[Site "Ahmedabad"]
[Date "2020.02.13"]
[Round "9.22"]
[White "Santu, Mondal"]
[Black "Gajendra, Singh"]
[Result "1-0"]
[WhiteElo "2093"]
[BlackElo "1872"]
[Annotator "TA"]
[PlyCount "89"]
[EventDate "2020.02.05"]
[EventCountry "IND"]
[SourceTitle "playchess.com"]
[Source "ChessBase"]
[SourceQuality "1"]

{[%evp 13,89,29,22,27,64,-4,10,11,13,7,8,8,8,0,83,65,67,7,10,-1,56,58,101,-8,29,38,25,39,144,147,132,78,86,86,206,102,100,100,152,139,139,145,373,368,336,339,469,446,390,417,685,685,678,678,678,606,885,885,877,862,824,824,824,664,5831,1852,6379,8502,12010,10018,6427,6400,2310,2198,12833,12833,2243,1937]} 1. d4 Nf6 2. g3 d5 3. Nf3 g6 4. c4 Bg7 5. cxd5 O-O 6. Bg2 Na6 7. O-O Nxd5 8. Nc3 {D74: Fianchetto Grünfeld: Main Line (5 Nf3 0-0 6 cxd5 Nxd5 7 0-0).} c5 9. e3 {[#]} ({Better is} 9. e4 $14 Nxc3 10. bxc3) 9... cxd4 $146 ({Predecessor:} 9... Nxc3 10. bxc3 Qc7 11. Qd2 b6 12. Bb2 Bb7 13. Rfe1 Rad8 14. e4 Nb8 15. a4 Ba6 {0-1 (48) Perena,C (2090)-Jose,R (1986) Tagaytay City 2010}) 10. Nxd5 {The position is equal.} Qxd5 11. Nxd4 Qd8 12. Qe2 Qb6 13. a4 {[%cal Ba2a4,Ba4a5][%mdl 32]} Bd7 (13... e5 $11 {remains equal.} 14. Nb5 Bd7) 14. a5 $16 Qc7 15. Bd2 (15. b4 $1 $14) 15... Rac8 $11 16. b4 Qb8 (16... e5 $11 17. Nb5 Qb8) 17. Rab1 $14 e5 18. Nb3 (18. b5 $16 Nc5 19. Nc6 $1 {[%mdl 512]} bxc6 20. bxc6 {[%mdl 64] Discovered Attack}) 18... Be6 {Threatening ...Bc4.} (18... Nc7 $5 {[%cal Rd7b5]}) 19. Nc5 Nxc5 20. bxc5 e4 ({Black should try} 20... Rxc5 $14 21. Rxb7 Bc4) 21. Bxe4 $16 Qe5 22. Qf3 ({White should play} 22. Bxb7 {Threatens to win with c6.} Rxc5 23. Bb4) 22... Rfd8 23. Bb4 $36 {[%mdl 2048] White is really pushing.} Rc7 {[#]} (23... Bd5 $16 24. Bxd5 Qxd5) 24. Rfd1 (24. Bxb7 $6 Bf5 $16) (24. a6 $1 $18 {[%cal Ra6b7] has better winning chances.} bxa6 25. Ba5 {[%mdl 64] Skewer}) 24... Rxd1+ 25. Rxd1 {aiming for c6.} h5 (25... Bf8 $142) 26. Qf4 (26. Bxb7 $2 Bg4 $19) 26... Qxf4 27. gxf4 a6 $2 (27... Bf8 $16) 28. Rd8+ $18 Kh7 29. Rb8 Bc8 30. Rxc8 {[%mdl 64] Remove Defender, Deflection} Rxc8 31. Bxb7 {[%mdl 4160] Endgame Double Attack. KRB-KB} Rd8 (31... Rc7 $142 32. c6 (32. Bxa6 Bf8 $14) 32... Bf6) 32. c6 {White is clearly winning.} Rd1+ 33. Kg2 Rc1 34. Bd6 Bf6 {intending ...Bd8.} 35. c7 Be7 36. Bxa6 ({Not} 36. Bxe7 Rxc7 37. Bxa6 Rxe7 $11) 36... Bxd6 37. c8=Q Rxc8 38. Bxc8 {KB-KB} f5 39. a6 Bc5 40. h4 Kg7 41. Be6 Kf6 42. Bd5 Ke7 43. Kf3 Ke8 44. Ke2 Ke7 45. Kd3 {Accuracy: White = 77%, Black = 43%.} 1-0

[Event "40th IND-chT Open 2020"]
[Site "Ahmedabad"]
[Date "2020.02.13"]
[Round "9.23"]
[White "Sharma, Dinesh K."]
[Black "Aradhya, Garg"]
[Result "1/2-1/2"]
[WhiteElo "2293"]
[BlackElo "2169"]
[Annotator "TA"]
[PlyCount "67"]
[EventDate "2020.02.05"]
[EventCountry "IND"]
[SourceTitle "playchess.com"]
[Source "ChessBase"]
[SourceQuality "1"]

{[%evp 16,67,47,11,21,15,17,20,23,14,20,19,29,26,39,29,33,28,70,69,62,69,69,69,66,62,74,75,84,65,136,79,79,69,100,55,58,55,68,22,79,19,19,0,22,0,0,0,0,0,0,0,6,0]} 1. e4 e5 2. Nf3 Nc6 3. Bb5 a6 4. Ba4 Nf6 5. O-O b5 6. Bb3 Bc5 7. c3 d6 8. d4 Bb6 9. Be3 Bg4 {C78: Ruy Lopez: Archangelsk and Möller Defences.} 10. Nbd2 O-O 11. h3 Bh5 12. dxe5 Nxe5 13. Bxb6 cxb6 14. g4 Bg6 15. Nxe5 dxe5 16. Qe2 {[#]} Qd6 $146 ({Predecessor:} 16... Qe7 17. Rfd1 Nd7 18. Bd5 Rad8 19. a4 bxa4 20. Rxa4 a5 21. b4 Nf6 22. Bb3 axb4 23. Rxb4 {½-½ (23) Negi,P (2657)-Ragger,M (2655) Germany 2013}) 17. Rfd1 Qc5 18. Kg2 Rfd8 19. f3 a5 {With the idea ...a4.} 20. a3 a4 {[#]} 21. Ba2 $1 Ne8 22. Nf1 Nc7 (22... Kf8 $14) 23. Rxd8+ (23. Rd2 $142) 23... Rxd8 $16 24. Rd1 Rd6 25. Ne3 Kf8 26. Rd3 f6 27. Qd2 Ne8 (27... Rxd3 $11 {keeps the balance.} 28. Qxd3 Ne8) 28. Rxd6 (28. Bd5 $16) 28... Nxd6 $11 {The position is equal.} 29. Qd3 Bf7 30. Bxf7 Kxf7 31. h4 g6 32. g5 fxg5 33. hxg5 Ke6 34. Kg3 {Accuracy: White = 83%, Black = 78%.} 1/2-1/2

[Event "40th IND-chT Open 2020"]
[Site "Ahmedabad"]
[Date "2020.02.13"]
[Round "9.24"]
[White "Adarsh Tripathi"]
[Black "Rajith V."]
[Result "1-0"]
[WhiteElo "2100"]
[BlackElo "1752"]
[Annotator "TA"]
[PlyCount "45"]
[EventDate "2020.02.05"]
[EventCountry "IND"]
[SourceTitle "playchess.com"]
[Source "ChessBase"]
[SourceQuality "1"]

{[%evp 15,45,-19,-17,-35,6,12,13,9,133,136,122,116,136,139,268,260,289,285,324,197,328,288,466,456,461,460,666,418,1236,1227,1187,1188]} 1. e4 Nf6 2. Nc3 d5 3. e5 Nfd7 4. d4 e6 5. Nf3 c5 6. dxc5 Bxc5 7. Bd3 Nc6 8. Bf4 a6 {Recently 8...h6 got a lot of attention.} 9. Qe2 {C11: French: Classical System: 4 e5 and 4 Bg5 dxe4.} Nd4 10. Nxd4 Bxd4 11. O-O {The position is equal.} O-O {[#]} (11... b5 $11 {remains equal.}) 12. Bxh7+ $1 $16 {[%mdl 576] Decoy} Kxh7 13. Qd3+ {[%mdl 64] [#] Double Attack} g6 $146 ({Predecessor:} 13... Kg8 14. Qxd4 Qb6 15. Qd3 f5 16. Rab1 Nc5 17. Qe3 Qc7 18. Ne2 Bd7 19. Nd4 Rac8 {½-½ (29) Haapasalo,J (2187)-Salokangas,H (2191) Finland 2004}) 14. Qxd4 f5 (14... Rh8 $16 15. Rad1 Kg8) 15. Qe3 $18 Rh8 16. Ne2 {[%cal Bc3e2,Be2d4,Bd4f3][%mdl 32]} Kg7 17. Nd4 Kf7 (17... Qe8 $142 18. Bg5 Kg8) 18. Rad1 Qh4 $2 (18... Qb6 {was worth a try.} 19. c4 dxc4 20. Nxf5 Qxe3 21. Nd6+ (21. Nxe3 b5 $18) 21... Kg8 22. fxe3 Rh7 23. Nxc4 a5) 19. Nf3 Qe7 {[#]} 20. c4 $1 {[%mdl 512]} dxc4 (20... Nf8 $142 21. cxd5 Kg8) 21. Rd6 Nf8 (21... Kg8 $142 22. Bg5 Qf7) 22. Bg5 Qc7 23. Bd8 {Accuracy: White = 71%, Black =  9%.} 1-0